000 00298nam a22001457a 4500
020 _a81-85614-41-5
041 _aENG
100 _aParkinson .A.C
245 _aEngineeting Drawing
250 _aMetric ED
260 _aDelhi
_bWheeler PUB
_c1999
300 _a235
650 _aFMP
856 _uFMP
999 _c367
_d367